00510nam a2200145Ia 4500008004100000020001800041082001500059100002400074245007100098260002400169500002000193942000700213952012900220999001500349260604s9999 xx 000 0 und d a9780141345154 a791.43 KIN aKinney, Jeff935322 0aWimpy Kid Movie Diary : How Greg Heffley Went Hollywood : Dog Days bPenguin Puffin (UK) aKid Movie Diary cBK 00104070aIIMVbIIMVcGENERALd2026-06-04g599.00l0o791.43 KINp003719r2026-06-04 10:18:57v599.00w2026-06-04yBKBKIN c8101d8101